000 00489nam a2200169Ia 4500
999 _c19104
_d19104
003 OSt
005 20200612123636.0
008 190216s9999||||xx |||||||||||||| ||und||
040 _coclc
082 _a181.4
_bRAD/B
100 _aRadhakrishnan, S
_9344
245 0 _aBharatheeya Darsanam /
_c S Radhakrishnan
250 _a1st Ed.
260 _bMathrubhumi Printing &publishing,
_c1978.
_aCalicut:
300 _a794p
942 _cBK
_2ddc
_h181.4
_iRAD/B
_k181.4
_mRAD/B